A história sem fim / (Record no. 228)

MARC details
000 -LÍDER
campo de controle de tamanho fixo 01430nam a2200337 4500
001 - NÚMERO DE CONTROLE
campo de controle 228
003 - IDENTIFICADOR DO NÚMERO DE CONTROLE
campo de controle OSt
005 - DATA E HORÁRIO DA ÚLTIMA TRANSAÇÃO
campo de controle 20250528074015.0
008 - CAMPO DE DADOS FIXOS--INFORMAÇÃO GERAL
campo de controle de tamanho fixo 250204b |||||||g |||| 00| 1 eng d
020 ## - ISBN - INTERNATIONAL STANDARD BOOK NUMBER
ISBN - International Standard Book Number 8535613156
040 ## - FONTE DA CATALOGAÇÃO
Idioma da catalogação por
041 ## - CÓDIGO DE IDIOMA
Código do idioma do original e/ou traduções intermediárias do texto ger
Código do idioma do texto/trilha sonora ou título diferente por
082 ## - CDD - CLASSIFICAÇÃO DECIMAL DE DEWEY
Número de Classificação 833
Número do exemplar E56h
100 1# - ENTRADA PRINCIPAL--NOME PESSOAL
Nome pessoal Ende, Michael,
Datas associadas ao nome 1929-1995.
9 (RLIN) 422
240 ## - TÍTULO UNIFORME
Título uniforme Die unendliche geschichte
245 ## - TÍTULO
Título A história sem fim /
Indicação de responsabilidade, etc. Ende, Michael ; Tradução de Maria do Carmo Cary e João Azenha Junior
250 ## - EDIÇÃO
Declaração de edição 8° edição
260 ## - PUBLICAÇÃO, DISTRIBUIÇÃO, ETC.
Local de publicação, distribuição, etc. São Paulo
Nome do editor, distribuidor, etc. Martins Fontes
Data da publicação, distribuição, etc. 2000
300 ## - DESCRIÇÃO FÍSICA
Extensão 392 p.
520 ## - NOTA DE RESUMO, ETC.
Resumo, etc. "A História sem Fim" é a mágica aventura de um garoto solitário que passa através das páginas de um livro para um reino muito particular, o reino da fantasia. Nesta terra imaginária, numa busca original e cheia de perigos, Bastian descobre a verdadeira medida de sua própria coragem e aprende também que até ele tem capacidade para amar. O texto impresso em duas cores, verde e vinho, as belas ilustrações das aberturas dos capítulos completam o clima de encantamento que envolve o leitor.
650 #0 - ASSUNTO--TERMO TÓPICO
Cabeçalho tópico ou nome geográfico Literatura Alemã
9 (RLIN) 365
650 #0 - ASSUNTO--TERMO TÓPICO
Cabeçalho tópico ou nome geográfico Fantasia
9 (RLIN) 45
650 #0 - ASSUNTO--TERMO TÓPICO
Cabeçalho tópico ou nome geográfico Seres mágicos
9 (RLIN) 46
650 #0 - ASSUNTO--TERMO TÓPICO
Cabeçalho tópico ou nome geográfico Aventura
9 (RLIN) 47
650 #0 - ASSUNTO--TERMO TÓPICO
Cabeçalho tópico ou nome geográfico Filme
9 (RLIN) 26
655 #0 - TERMO DE ÍNDICE--GÊNERO E FORMA
Gênero/forma/ou termo foco Romance
655 #0 - TERMO DE ÍNDICE--GÊNERO E FORMA
Gênero/forma/ou termo foco Ficção
700 ## - ENTRADA ADICIONADA - NOME PESSOAL
Nome pessoal Maria do Carmo Cary
Função do autor por extenso Tradutor
9 (RLIN) 423
700 ## - ENTRADA ADICIONADA - NOME PESSOAL
Nome pessoal João Azenha Junior
Função do autor por extenso Tradutor
9 (RLIN) 424
942 ## - ELEMENTOS DE ENTRADA ADICIONADOS (KOHA)
Fonte de classificação ou esquema de arquivamento Classificação decimal de Dewey
Ocultar no OPAC Não
Tipo de material Koha Livros
Holdings
Situação do descarte Situação das perdas Fonte de classificação ou esquema de arquivamento Status danificado Não pode ser emprestado Coleção Biblioteca de origem Biblioteca atual Localização na estante Data de aquisição Fonte de aquisição Total de empréstimos Número de chamada completo Código de barras Data de último acesso Data do preço efetivo Tipo de material Koha
    Classificação decimal de Dewey     Ficção Biblioteca Professor Eduardo Afonso de Castro Biblioteca Professor Eduardo Afonso de Castro Literatura Estrangeira 19.09.2002 doação   833 / E56h 2025-1913 04.02.2025 04.02.2025 Livros

Powered by Koha